书目信息 |
| 题名: |
河南
|
|
| 作者: | ;走遍中国编辑部 编著 | |
| 分册: | ||
| 出版信息: | 北京 中国旅游出版社 2012.1 |
|
| 页数: | 267页 | |
| 开本: | 22cm | |
| 丛书名: | 走遍中国 | |
| 单 册: | ||
| 中图分类: | K928.961 | |
| 科图分类: | ||
| 主题词: | 导游--河南 , 导游 | |
| 电子资源: | ||
| ISBN: | 978-7-5032-4308-0 | |
| 000 | 00945oam2 2200277 45 | |
| 001 | 1355746968 | |
| 005 | 20130515101311.07 | |
| 010 | @a978-7-5032-4308-0@dCNY29.00 | |
| 100 | @a20130108d2012 em y0chiy50 ea | |
| 101 | 0 | @achi |
| 102 | @aCN@b110000 | |
| 105 | @aab z 000yy | |
| 106 | @ar | |
| 200 | 1 | @a河南@AHe Nan@f《走遍中国》编辑部[编著]@F《 Zou Bian Zhong Guo》 Bian Ji Bu [ Bian Zhu ] |
| 205 | @a2版 | |
| 210 | @a北京@c中国旅游出版社@d2012.1 | |
| 215 | @a267页@c图,地图@d22cm | |
| 225 | 2 | @a走遍中国 |
| 330 | @a本书是一本介绍河南省的自助旅游指南手册,包括出发前需要了解的相关的人文地理知识,准备出发时所应掌握的衣、食、住、行的资讯以及大量来自“当地人”的景点推荐和特别提醒。 | |
| 461 | 0 | @12001 @a走遍中国 |
| 606 | 0 | @a导游@y河南 |
| 606 | 0 | @a导游 |
| 690 | @aK928.961@v5 | |
| 711 | 02 | @a走遍中国编辑部@AZou Bian Zhong Guo Bian Ji Bu@4编著 |
| 801 | @aCN@bTANGWEI@c20130112 | |
| 905 | @b0832354-58@dK928.961@e654=2@f5 | |
| 河南/《走遍中国》编辑部[编著].-2版.-北京:中国旅游出版社,2012.1 |
| 267页:图,地图;22cm.-(走遍中国) |
| ISBN 978-7-5032-4308-0:CNY29.00 |
| 本书是一本介绍河南省的自助旅游指南手册,包括出发前需要了解的相关的人文地理知识,准备出发时所应掌握的衣、食、住、行的资讯以及大量来自“当地人”的景点推荐和特别提醒。 |
| ● |
| 相关链接 |
|
|
|
|
正题名:河南
索取号:K928.961/654=2
 
预约/预借
| 序号 | 登录号 | 条形码 | 馆藏地/架位号 | 状态 | 备注 |
| 1 | 0832354 | 208323544 | 第二样本阅览室/ [索取号:K928.961/654=2] | 在馆 | |
| 2 | 0832355 | 208323553 | 第二借阅区/ [索取号:K928.961/654=2] | 在馆 | |
| 3 | 0832356 | 208323562 | 第二借阅区/ [索取号:K928.961/654=2] | 在馆 | |
| 4 | 0832357 | 208323571 | 第二借阅区/ [索取号:K928.961/654=2] | 在馆 | |
| 5 | 0832358 | 208323580 | 第二借阅区/ [索取号:K928.961/654=2] | 在馆 |